000 00943nam a2200241 a 4500
001 83679
003 BD-RjUL
005 20240508104858.0
008 240508s2008 bg a|||| m||| 00| 0 eng d
035 _a(BD-RjUL)83679
040 _aBD-RjUL
_beng
_cBD-RjUL
_dBD-RjUL
041 _aeng
082 _223
_a584.64
_bPAB 2008
100 _aPaul, Krishnendu Kumar
_912891
245 1 0 _aBiometrical and Biotechnological Approaches for Cultivars Evaluation Edible Arodis in Bangladesh /
_cBY Krishnendu Kumar Paul ;
_6Supervisor : M. A. Bari Miah
260 _aRajshahi :
_bInstitute of Biological Sciences, University of Rajshahi,
_c2008
300 _a[13], 285 Leaves :
_bill, ;
_c29 cm.
502 _aThesis (Ph. D.) -- Institute of Biological Sciences, University of Rajshahi, 2008
504 _aReferences : Leaves : 267-284
650 _aEvaluation Edible
_vArales
_912892
700 _aMiah, M. A. Bari, Supervisor
_94202
942 _2ddc
_cTHE
999 _c83679
_d83679